000 00316 a2200121 4500
000 nam a22 7a 4500
005 20260206095149.0
020 _a9789348650856
100 _aEd. Chhabil Kumar Meher
_91114017
245 _aMuktibodh : Chuni Hui Kahaniya
260 _bNayee Kitab prakashan
_c2025
942 _cTEXL
999 _c1678728
_d1678728